000
00206nam a22000857a 4500
008
170127b xxu||||| |||| 00| 0 eng d
100
_9
2586
_a
Mohan.R
245
_a
Mathesis Class-4
260
_a
New Delhi
_b
GRB
_c
2012
999
_c
5710
_d
5710